000 01223nam a2200253Ia 4500
999 _c51329
_d51329
001 18298
003 GE_BSU
005 20250919152508.0
008 181216s2013||||ge |||||||||||||| ||geo||
020 _a9789941932281
040 _cGE_BSU
041 _ageo
080 _a349.2(479.22) ძ-21
100 _aძამუკაშვილი, დავით
_9925
245 _aშრომის სამართალი
_b[როგორ დავიცვათ დამსაქმებლისა და დასაქმებულის უფლებები] /
_cდავით ძამუკაშვილი
250 _aმეოთხე გადამუშავებული გამოცემა
264 _aთბილისი :
_bბონა კაუზა,
_c2013.
300 _a381 გვ.:
_b21 სმ.
440 _aიურისტის ბიბლიოთეკა
_9137
653 _aროგორ დავიცვათ დამსაქმებლისა და დასაქმებულის უფლებები
653 _aშრომის სამართალი
653 _aსამართალი
942 _cBK
_2udc